[Event "GER-ch Youth-B"]
[Site "Willingen"]
[Date "2022.06.08"]
[Round "5"]
[White "Hornstein, Leonhard Orell"]
[Black "Vollmer, Jan"]
[Result "1-0"]
[WhiteElo "1214"]
[BlackElo "1540"]
[PlyCount "115"]
[EventDate "2022.06.04"]
[EventType "swiss"]
[EventRounds "9"]
[EventCountry "GER"]
[SourceTitle "CBM 208 Extra"]
[Source "ChessBase"]
[SourceDate "2022.07.31"]
[SourceVersion "1"]
[SourceVersionDate "2022.07.31"]
[SourceQuality "1"]

1. d4 d5 2. Nc3 e6 3. Bf4 c5 4. e3 Nf6 5. Nb5 Qa5+ 6. c3 cxd4 7. Bc7 Qa6 8. Nd6+ Bxd6 9. Bxa6 Bxc7 10. Bd3 dxe3 11. fxe3 Nc6 12. Nf3 0-0 13. Nd4 Bb6 14. Nxc6 bxc6 15. Qe2 Bd7 16. 0-0 Ne8 17. Kh1 g6 18. a4 Ng7 19. a5 Bc5 20. b4 Bd6 21. e4 Rae8 22. Qe3 c5 23. bxc5 Be5 24. Ra3 Bc6 25. Rb1 Rc8 26. exd5 Bxd5 27. Qxe5 Rxc5 28. Qe3 Rfc8 29. Be4 Bxe4 30. Qxe4 Nf5 31. Qb7 a6 32. Qxa6 R8c6 33. Qxc6 Rxc6 34. a6 Rc7 35. a7 Rxa7 36. Rxa7 Nd6 37. Rc1 Ne4 38. c4 Nf2+ 39. Kg1 Nd3 40. Rc3 Nf4 41. Kf2 e5 42. c5 Ne6 43. c6 Ng5 44. c7 Ne4+ 45. Ke1 Nxc3 46. c8Q+ Kg7 47. Qxc3 Kf6 48. Qf3+ Kg7 49. Qxf7+ Kh6 50. Qxh7+ Kg5 51. Ra6 Kf4 52. Qxg6 e4 53. Qg3+ Kf5 54. Ra5+ Kf6 55. Qe5+ Kg6 56. Ra6+ Kf7 57. Qc7+ Ke8 58. Ra8# 1-0

[Event "GER-ch Youth-B"]
[Site "Willingen"]
[Date "2022.06.07"]
[Round "4"]
[White "Vollmer, Jan"]
[Black "Wehrle, Valentin"]
[Result "0-1"]
[WhiteElo "1540"]
[BlackElo "1522"]
[PlyCount "110"]
[EventDate "2022.06.04"]
[EventType "swiss"]
[EventRounds "9"]
[EventCountry "GER"]
[SourceTitle "CBM 208 Extra"]
[Source "ChessBase"]
[SourceDate "2022.07.31"]
[SourceVersion "1"]
[SourceVersionDate "2022.07.31"]
[SourceQuality "1"]

1. e4 c5 2. Nf3 e6 3. d4 d5 4. exd5 Qxd5 5. Nc3 Qd8 6. Be3 cxd4 7. Nxd4 Bd7 8. Bc4 Nf6 9. Qd2 Be7 10. 0-0 Nc6 11. f4 0-0 12. f5 Nxd4 13. Bxd4 exf5 14. Rad1 Be6 15. Bb3 Qc8 16. Qf4 Bc5 17. Rf3 Rd8 18. Kf1 Bxd4 19. Rxd4 Qc5 20. Rfd3 Rxd4 21. Qxd4 Qxd4 22. Rxd4 Kf8 23. Nb5 Ke7 24. Ke2 a6 25. Nc7 Rc8 26. Nxe6 fxe6 27. a4 e5 28. Rb4 Rc7 29. Rb6 e4 30. Re6+ Kd7 31. Re5 g6 32. h3 Kd8 33. Re6 Rc6 34. Re5 Nd7 35. Rd5 h5 36. a5 Ke7 37. Ke3 Rc5 38. Kd4 Rc6 39. Ba4 Rd6 40. Bb3 h4 41. Rxd6 Kxd6 42. Bd5 b5 43. axb6 Nxb6 44. Bf7 g5 45. c4 Nc8 46. c5+ Kc6 47. b4 Kb5 48. Be8+ Kxb4 49. c6 a5 50. Bd7 Ne7 51. c7 a4 52. Bxf5 Nxf5+ 53. Ke5 Ne7 54. Ke6 Nc8 55. Kd7 Na7 0-1

[Event "Baden Wuerttemberg-chT U12"]
[Site "Burg Ortenberg"]
[Date "2018.06.23"]
[Round "3.3"]
[White "Zimanovic, Leon Daniel"]
[Black "Vollmer, Jan"]
[Result "1-0"]
[WhiteElo "1165"]
[BlackElo "930"]
[PlyCount "43"]
[EventDate "2018.06.23"]
[EventType "team-tourn"]
[EventRounds "5"]
[EventCountry "GER"]
[SourceTitle "EXT 2019"]
[Source "ChessBase"]
[SourceDate "2018.10.10"]
[SourceVersion "1"]
[SourceVersionDate "2018.10.10"]
[SourceQuality "1"]
[WhiteTeam "Ostfildern U12"]
[BlackTeam "Hohentuebingen U12"]
[WhiteTeamCountry "GER"]
[BlackTeamCountry "GER"]

1. e4 c5 2. Bc4 Nc6 3. Nf3 e5 4. d3 d6 5. Ng5 Nh6 6. Qf3 f6 7. Nh3 Bg4 8. Qg3 Qd7 9. Nc3 0-0-0 10. f3 Be6 11. a4 Bxc4 12. dxc4 Nd4 13. Qf2 Be7 14. Nb5 Nxb5 15. axb5 f5 16. Rxa7 Qc7 17. Qe3 f4 18. Qb3 Bh4+ 19. Kf1 Qf7 20. b6 Qe6 21. Qb5 Kb8 22. Qa4 1-0